000 00315nam a2200133Ia 4500
008 151001s9999||||xx |||||||||||||| ||und||
100 _aदीपक शर्मा
245 _aमंजर
250 _a1
260 _bलिट्रेसी
260 _c2009
300 _a91
365 _b21
999 _c994940
_d994937